|
|
|
|
| LEADER |
00000nam0a2200000 4500 |
| 001 |
256738 |
| 005 |
20231101233136.0 |
| 010 |
|
|
|a 9785699703609
|
| 035 |
|
|
|a (RuTPU)RU\TPU\book\279478
|
| 090 |
|
|
|a 256738
|
| 100 |
|
|
|a 20140411d2014 m y0rusy50 ca
|
| 101 |
0 |
|
|a rus
|
| 102 |
|
|
|a RU
|
| 105 |
|
|
|a y z 000ay
|
| 200 |
1 |
|
|a Глаза цвета тьмы
|e роман
|f А. В. Леонтьев
|
| 210 |
|
|
|a Москва
|c Эксмо
|d 2014
|
| 215 |
|
|
|a 348 с.
|
| 225 |
1 |
|
|a Авантюрная мелодрама
|
| 330 |
|
|
|a Анастасия Бойко была счастлива с мужем Эдуардом, хотя, едва познакомившись с ним, сочла молодого человека пустым альфонсом. Потом она изменила свое мнение, но, похоже, напрасно! Настя случайно стала свидетельницей телефонного разговора Эдика и поняла: он женился на ней с тайным расчетом и теперь ждет удобного момента для осуществления какого-то плана! Но кто его сообщник? Возможно, бывший муж Виктор, ведь развод прошел весьма некрасиво? Или олигарх Всеволод Дуйменов, давно мечтавший прибрать к рукам фирму Бойко? Кто бы это ни был, он решился на крайние меры и попытался убить ее, выманив поздним вечером на улицу. А ведь Настя считала, что идет на встречу с весьма симпатичным частным детективом, которого она наняла для слежки за Эдиком! Ей чудом удалось спастись, но она знала: эта попытка — далеко не последняя...
|
| 606 |
1 |
|
|a Русская литература современная
|2 stltpush
|3 (RuTPU)RU\TPU\subj\26373
|9 50316
|
| 610 |
1 |
|
|a романы
|
| 610 |
1 |
|
|a детективы
|
| 610 |
1 |
|
|a авантюрные романы
|
| 610 |
1 |
|
|a приключения
|
| 675 |
|
|
|a Р2
|v 3
|
| 700 |
|
1 |
|a Леонтьев
|b А. В.
|g Антон Валерьевич
|
| 801 |
|
1 |
|a RU
|b 63413507
|c 20140411
|
| 801 |
|
2 |
|a RU
|b 63413507
|c 20140707
|g RCR
|
| 942 |
|
|
|c BK
|
| 959 |
|
|
|a 68/20140410
|d 1
|e 179,30
|f ХФ:1
|